| 000 | 00584nam a22002051c 4500 | ||
|---|---|---|---|
| 001 | a987657612 | ||
| 008 | 070706s2007 gw |||| 000u rus d | ||
| 041 | _arus | ||
| 100 | 1 | _aLevašov, Viktor K. | |
| 245 | 0 | 0 | _aSociologičeskaja dinamika rossijskogo obščestva (2000-2006) |
| 264 |
_aMoskva : _bAcademia, _c2007 |
||
| 300 | _a514 S. | ||
| 650 | 0 | _aGesellschaft | |
| 651 | 0 | _aRussland | |
| 710 | 2 | _aRAN ; Institut sozial'no-političeskich issledovanij | |
| 942 | _cMG | ||
| 040 | _cRU-10907106 | ||
| 003 | RU-10907106 | ||
| 999 |
_c10242 _d10242 |
||
| 490 | 0 | _aMonogafičeskie issledovanija: soziologija | |